000 00354pab a2200145 454500
008 180718b1985 xxu||||| |||| 00| 0 eng d
100 _aRaghavan, C
245 _aTaks for Third World Trade meeting
260 _c1985
300 _a15-17
362 _a11 May
650 _aForeign Commerce - Underdeveloped Areas
773 _aMainstream
909 _a8736
999 _c8736
_d8736